MIGRATION 2.0/ (Record no. 178281)

MARC details
000 -LEADER
fixed length control field 00580nam a22001817a 4500
005 - DATE AND TIME OF LATEST TRANSACTION
control field 20210324124333.0
010 ## - LCCN (DPL NO)
LC control number ENG-129280
020 ## - INTERNATIONAL STANDARD BOOK NUMBER
International Standard Book Number 9788179665060
Terms of availability 100.00
035 ## - SYSTEM CONTROL NUMBER
System control number EN-112812
037 ## - SOURCE OF ACQUISITION
Source of stock number/acquisition DBAD/PUB
082 ## - DEWEY DECIMAL CLASSIFICATION NUMBER
Classification number 331.544
100 ## - MAIN ENTRY--PERSONAL NAME
Personal name MANIAN, SURABHARATHI
245 ## - TITLE STATEMENT
Title MIGRATION 2.0/
Statement of responsibility, etc SUBRABHARATHI MANIAN
260 ## - PUBLICATION, DISTRIBUTION, ETC. (IMPRINT)
Name of publisher, distributor, etc Emerald Publishers
Date of publication, distribution, etc 2018
270 ## - ADDRESS
Electronic mail address info@emerladpublishers.com
Address 15A, first floor , Casa Major Road Egmore,
City Chennai
Postal code 600008
Telephone number +91 4428193206 , 42146994
300 ## - PHYSICAL DESCRIPTION
Extent 67p.
Dimensions 22cm(pbk)
942 ## - ADDED ENTRY ELEMENTS (KOHA)
Source of classification or shelving scheme Dewey Decimal Classification
Item type English Books
Classification part 331.544
Call number suffix MAN
Holdings
Withdrawn status Lost status Not for loan Collection code Home library Current library Date acquired Source of acquisition Cost, normal purchase price Full call number Barcode Copy number Cost, replacement price Koha item type
      Non-fiction Central Library Central Library 24/03/2021 DBAD/PUB 100.00 331.544 MAN EN-112812 1 100.00 English Books

© Delhi Public Library
Hit Counter
free hit counter